Emma Stone Movies Quiz Stats

 Plays Quiz Updated Jul 16, 2017

Challenge
Share
Tweet
Embed
Score 0/21 Timer 04:00
0 Plays Today
Year Film % Correct
2010Easy A
87.5%
2016La La Land
84.4%
2014The Amazing Spider-Man 2
72.7%
2012The Amazing Spider-Man
71.1%
2007Superbad
64.2%
2011The Help
58.1%
2009Zombieland
52.9%
2011Crazy, Stupid, Love.
52.7%
2015Aloha
45.1%
2013Gangster Squad
42.4%
2014Birdman or (The Unexpected Virtue of Ignorance)
34.6%
Year Film % Correct
2008The House Bunny
26.5%
2015Irrational Man
21.3%
2013Movie 43
20.8%
2014Magic in the Moonlight
17.9%
2011Friends with Benefits
14.7%
2008The Rocker
12.4%
2009Ghosts of Girlfriends Past
12.4%
2013The Croods
12%
2010Marmaduke
10%
2009Paper Man
9.4%

You're not logged in!

Compare scores with friends on all Sporcle quizzes.
OR
Log In

You Might Also Like...

Show Comments

Extras

Top Quizzes Today


Score Distribution

Your Account Isn't Verified!

In order to create a playlist on Sporcle, you need to verify the email address you used during registration. Go to your Sporcle Settings to finish the process.

Report this User

Report this user for behavior that violates our Community Guidelines.

Details: